Visualizzazione normale
Vista MARC
- Nardi Daniele, Liverani Pier Giorgio
di Personal Name
Records bibliografici associati: 2
001 - CONTROL NUMBER
- control field: 61304
003 - CONTROL NUMBER IDENTIFIER
- control field:
005 - DATE AND TIME OF LATEST TRANSACTION
- control field: 20241230192340.0
008 - FIXED-LENGTH DATA ELEMENTS
- fixed length control field: 241230|| aca||aabn | a|a d
040 ## - CATALOGING SOURCE
- Original cataloging agency:
- Transcribing agency:
100 ## - HEADING--PERSONAL NAME
- Personal name: Nardi Daniele, Liverani Pier Giorgio
670 ## - SOURCE DATA FOUND
- Source citation: Work cat.: ()227878: Nardi Daniele, Liverani Pier Giorgio, Passione per l'uomo, 2003